000 00941aam a2200289 i 4500
001 768714001
003 CO-MdFUSB
005 20210917130657.0
007 ta
008 210917t1924 -us |||| |||| 00| 0 spa d
020 _a[No incluye ISBN]
040 _bspa.
_aCO-MdFUSB
_cCO-MdFUSB
_dCO-MdFUSBC
_erda
041 _aspa
082 0 4 _a254.2
_223
_bA261m
100 1 _aAgar, Federico A.
_eautor
245 3 _aLa mayordomía de la vida
_c/ Federico A. Agar ; traducido por E. G. Domínguez,
264 0 _aEl Paso, TX., USA :
_bCasa Bautista de Publicaciones,
_c[1924]
300 _a78 páginas
_c; 18 cm
336 _atexto
_btxt
_2rdacontent
337 _2rdamedia
_asin mediación
_bn
338 _2rdacarrier
_avolumen
_bnc
505 _aEl camino y el guía. -- Las posesiones. -- Posesor y posesiones. -- El mayordomo. -- Una vida delineada.
563 _aTapa dura
653 _aMayordomía
942 _cBK
945 _aJTF-925
999 _c36881
_d36881